000 00306nam a22001337a 4500
008 171006b xxu||||| |||| 00| 0 eng d
020 _a9780323023641
041 _aeng
080 _24TH
_a159.9
100 _a49
101 _aPSI
245 _aCHILD WITH A CHRONIC CONDITION
_cALLEN,P.J
942 _2udc
_cBK
999 _c32173
_d32173